000 00430nam a22001575i 4500
001 171455
003 ES-MaACL
005 20230906214634.0
008 090514s1918 sp |||| | spa d
080 _a821.134.2-31"19"
100 1 _aSolá, Jaime.
_9107043
245 1 3 _aEl alma de la aldea
_b: (novela) /
_cJaime Solá.
260 _aVigo :
_bVida Gallega,
_c1918.
300 _a226 p. ;
_c20 cm.
852 _aES-MaACL
_jF-7680
999 _c171455
_d171455